000 00379nam a2200145Ia 4500
005 20250729165745.0
008 250729s2007 xx 000 0 und d
041 _akan
082 _a371.25 JAYS
100 _aC.V.Jayyanna
_9232239
245 _aShikshana Mattu Rashtriya Kalaji
260 _aBangalore
_bswapna Book House
_c2007
300 _a173p
650 _aEducation
_9232240
999 _c239683
_d239683